2025 MLB Top 100 - Statistics

General Stats
  • This quiz has been taken 259 times
  • The average score is 77 of 100
Answer Stats
Rank Position/Team Player % Correct
1 Dodgers (DH/SP) Shohei Ohtani
99%
2 Yankees (OF) Aaron Judge
98%
3 Royals (SS) Bobby Witt Jr.
96%
12 Phillies (1B) Bryce Harper
96%
8 Dodgers (1B) Freddie Freeman
96%
4 Mets (OF) Juan Soto
96%
5 Dodgers (SS) Mookie Betts
96%
15 Pirates (SP) Paul Skenes
94%
16 Braves (OF) Ronald Acuña Jr.
94%
22 Padres (OF) Fernando Tatis Jr.
93%
6 Mets (SS) Francisco Lindor
93%
10 Orioles (SS) Gunnar Henderson
93%
13 Blue Jays (1B) Vladimir Guerrero Jr.
93%
9 Guardians (3B) José Ramírez
92%
17 Rangers (SS) Corey Seager
91%
23 Mariners (OF) Julio Rodríguez
91%
11 Tigers (SP) Tarik Skubal
91%
21 Red Sox (3B) Rafael Devers
90%
31 Reds (SS) Elly De La Cruz
89%
18 Diamondbacks (2B) Ketel Marte
89%
14 Cubs (OF) Kyle Tucker
89%
7 Astros (OF) Yordan Alvarez
89%
37 Red Sox (3B) Alex Bregman
88%
30 Astros (2B) Jose Altuve
88%
29 Padres (3B) Manny Machado
88%
39 Angels (OF) Mike Trout
88%
35 Phillies (SS) Trea Turner
88%
19 Phillies (SP) Zack Wheeler
88%
26 Yankees (SP) Gerrit Cole
86%
49 Mets (1B) Pete Alonso
86%
86 Cardinals (C) Willson Contreras
86%
34 Braves (1B) Matt Olson
85%
33 Braves (3B) Austin Riley
83%
61 Brewers (OF) Christian Yelich
83%
32 Diamondbacks (OF) Corbin Carroll
83%
27 Red Sox (OF) Jarren Duran
83%
20 Braves (SP) Chris Sale
82%
24 Padres (OF) Jackson Merrill
82%
60 Dodgers (C) Will Smith
82%
63 Dodgers (SP) Yoshinobu Yamamoto
82%
38 Giants (3B) Matt Chapman
81%
44 Yankees (SP) Max Fried
80%
28 Brewers (C) William Contreras
80%
72 Yankees (OF) Cody Bellinger
79%
25 Diamondbacks (SP) Corbin Burnes
79%
58 Orioles (C) Adley Rutschman
78%
42 Twins (SS) Carlos Correa
78%
65 Phillies (DH) Kyle Schwarber
78%
52 Dodgers (OF) Teoscar Hernández
78%
76 Diamondbacks (SP) Zac Gallen
78%
36 Dodgers (SP) Blake Snell
77%
46 Athletics (OF) Brent Rooker
77%
59 Mariners (C) Cal Raleigh
77%
45 Astros (SP) Framber Valdez
77%
47 Braves (DH) Marcell Ozuna
77%
62 Rangers (2B) Marcus Semien
77%
79 Royals (C) Salvador Perez
77%
80 Phillies (C) J.T. Realmuto
76%
68 Twins (OF) Byron Buxton
75%
57 Guardians (RP) Emmanuel Clase
75%
41 Giants (SS) Willy Adames
75%
93 Cubs (SS) Dansby Swanson
73%
70 Reds (SP) Hunter Greene
73%
50 Giants (SP) Logan Webb
73%
95 Cardinals (3B) Nolan Arenado
73%
54 Tigers (OF) Riley Greene
73%
40 Brewers (OF) Jackson Chourio
72%
96 Yankees (1B) Paul Goldschmidt
72%
56 Red Sox (SP) Garrett Crochet
71%
100 Dodgers (SP) Roki Sasaki
71%
87 Mariners (SP) Bryce Miller
70%
48 Astros (1B) Christian Walker
70%
78 Athletics (RP Mason Miller
70%
67 Braves (OF) Michael Harris II
70%
43 Royals (SP) Cole Ragans
69%
77 Yankees (RP) Devin Williams
69%
51 Mariners (SP) Logan Gilbert
69%
71 Dodgers (SP) Tyler Glasnow
69%
55 Padres (SP) Dylan Cease
68%
64 Cubs (SP) Shota Imanaga
66%
66 Guardians (OF) Steven Kwan
66%
53 Blue Jays (OF) Anthony Santander
64%
99 Rangers (SP) Jacob deGrom
64%
69 Padres (SP) Michael King
64%
91 Mets (OF) Brandon Nimmo
63%
98 Nationals (OF) James Wood
63%
88 Cubs (SP) Justin Steele
61%
83 Padres (1B) Luis Arraez
61%
81 Mets (3B) Mark Vientos
61%
73 Cubs (OF) Seiya Suzuki
61%
90 Athletics (OF) Lawrence Butler
60%
74 Royals (SP) Seth Lugo
60%
92 Cubs (OF) Ian Happ
59%
94 Cardinals (SS) Masyn Winn
59%
82 Twins (3B) Royce Lewis
59%
84 Braves (OF) Jurickson Profar
58%
75 Mariners (SP) George Kirby
57%
89 Tigers (OF) Kerry Carpenter
56%
85 Astros (3B) Isaac Paredes
51%
97 Rangers (OF) Wyatt Langford
51%
No matching quizzes found
Score Distribution
Percent of People with Each Score
Percentile by Number Answered
Your Score History
You have not taken this quiz